000 00613nam a22002297a 4500
001 31480
003 UA-OsUOA
005 20210917211245.0
007 ta
008 20041222b un ||||| |||| 00| 0 ukr d
040 _aUA-OsUOA
_brus
_cUA-OsUOA
_dUA-OsUOA
041 _arus
044 _aRU
080 _a94(3)
090 _a94(3)
_bИ90
245 _aИстория древнего мира
_cред. И. М. Дьяконова, В. Д. Нероновой, И. С. Свенцицкой
260 _aМосква
_bНаука
_c1983
300 _a574 с.
650 7 _2UDC
942 _cBK
_2udc
955 _a0
999 _c317905
_d317905